<?xml version="1.0" encoding="UTF-8"?><?xml-stylesheet type="text/xsl" href="static/style.xsl"?><OAI-PMH xmlns="http://www.openarchives.org/OAI/2.0/" xmlns:xsi="http://www.w3.org/2001/XMLSchema-instance" xsi:schemaLocation="http://www.openarchives.org/OAI/2.0/ http://www.openarchives.org/OAI/2.0/OAI-PMH.xsd"><responseDate>2026-04-18T07:00:37Z</responseDate><request verb="GetRecord" identifier="oai:www.recercat.cat:10256/16433" metadataPrefix="marc">https://recercat.cat/oai/request</request><GetRecord><record><header><identifier>oai:recercat.cat:10256/16433</identifier><datestamp>2024-06-18T11:53:38Z</datestamp><setSpec>com_2072_452955</setSpec><setSpec>com_2072_2054</setSpec><setSpec>col_2072_453077</setSpec></header><metadata><record xmlns="http://www.loc.gov/MARC21/slim" xmlns:dcterms="http://purl.org/dc/terms/" xmlns:xsi="http://www.w3.org/2001/XMLSchema-instance" xmlns:doc="http://www.lyncode.com/xoai" xsi:schemaLocation="http://www.loc.gov/MARC21/slim http://www.loc.gov/standards/marcxml/schema/MARC21slim.xsd">
   <leader>00925njm 22002777a 4500</leader>
   <datafield ind2=" " ind1=" " tag="042">
      <subfield code="a">dc</subfield>
   </datafield>
   <datafield ind2=" " ind1=" " tag="720">
      <subfield code="a">Ribera Guàrdia, Anna</subfield>
      <subfield code="e">author</subfield>
   </datafield>
   <datafield ind2=" " ind1=" " tag="720">
      <subfield code="a">Bosch, Ll.</subfield>
      <subfield code="e">author</subfield>
   </datafield>
   <datafield ind2=" " ind1=" " tag="720">
      <subfield code="a">Corominas Tabares, Lluís</subfield>
      <subfield code="e">author</subfield>
   </datafield>
   <datafield ind2=" " ind1=" " tag="720">
      <subfield code="a">Pijuan i Vilalta, Maite</subfield>
      <subfield code="e">author</subfield>
   </datafield>
   <datafield ind2=" " ind1=" " tag="260">
      <subfield code="c">info:eu-repo/date/embargoEnd/2021-03-01</subfield>
   </datafield>
   <datafield ind2=" " ind1=" " tag="260">
      <subfield code="c">2019-03-01</subfield>
   </datafield>
   <datafield ind2=" " ind1=" " tag="520">
      <subfield code="a">Fugitive greenhouse gas (GHG) emissions in the form of nitrous oxide (N2O) and methane (CH4) have been reported from many different wastewater treatment plants. However, the majority of the current literature only reports emissions during short periods of time and only focuses on one of the two GHGs. In this study, N2O and CH4 emissions from the aerated parts of a plug-flow full-scale bioreactor treating municipal wastewater were studied over five months from November through March. A multiple gas hood collection system was used to simultaneously monitor the first three aerated compartments of the plug-flow bioreactor. Results show temporal variations in N2O emissions with N2O detected during November, no emissions during December and January, and a recovery of emissions from February onwards. In addition, different spatial emissions were found across the three aerated zones, with the highest N2O emissions detected in the second aerated zone. A daily N2O emission pattern was characterised by an N2O peak correlated with the ammonium that arrived in the monitored zone. However, CH4 emissions occurred during the whole monitored period and showed a spatial variability inside the plug-flow bioreactor, presenting the highest emissions in the first aerated zone and then decreasing in the two subsequent zones. In addition, the dynamic carbon footprint (C-footprint) of the bioreactor is presented in which the contribution of the direct and indirect emissions (related to electricity consumption) is assessed. Results show that CH4 emissions account for the majority of the direct emissions. Moreover, CH4 and N2O emissions represent approximately 60% of the total emissions (direct and indirect) originating from the bioreactors</subfield>
   </datafield>
   <datafield ind2=" " ind1=" " tag="520">
      <subfield code="a">This study was funded by the Spanish Government (MINECO) (CTM 2015-66892-R) and the EU project R3water (contract no. 619093). A. Ribera-Guardia acknowledge the FPI PhD grant (BES2012-052753) and Ll. Corominas the Ramon y Cajal grant (RYC 2013-14595) both funded by the Spanish Government. The authors&#xd;
are part of a consolidated research group by the Catalan Government (2017024_SGR17-19_ICRATECH)</subfield>
   </datafield>
   <datafield ind1="8" ind2=" " tag="024">
      <subfield code="a">http://hdl.handle.net/10256/16433</subfield>
   </datafield>
   <datafield tag="653" ind2=" " ind1=" ">
      <subfield code="a">Aigües residuals -- Depuració</subfield>
   </datafield>
   <datafield tag="653" ind2=" " ind1=" ">
      <subfield code="a">Sewage -- Purification</subfield>
   </datafield>
   <datafield tag="653" ind2=" " ind1=" ">
      <subfield code="a">Bioreactors</subfield>
   </datafield>
   <datafield tag="653" ind2=" " ind1=" ">
      <subfield code="a">Òxid nítric</subfield>
   </datafield>
   <datafield tag="653" ind2=" " ind1=" ">
      <subfield code="a">Nitric oxide</subfield>
   </datafield>
   <datafield ind2="0" ind1="0" tag="245">
      <subfield code="a">Nitrous oxide and methane emissions from a plug-flow full-scale bioreactor and assessment of its carbon footprint</subfield>
   </datafield>
</record></metadata></record></GetRecord></OAI-PMH>